Vista normal
Vista MARC
Entrada Topical Term
Número de registros utilizados en: 2
001 - CONTROL NUMBER
- control field: 66157
003 - CONTROL NUMBER IDENTIFIER
- control field: OSt
005 - DATE AND TIME OF LATEST TRANSACTION
- control field: 20251024212458.0
008 - FIXED-LENGTH DATA ELEMENTS
- fixed length control field: 251024|| aca||aabn | a|a d
040 ## - CATALOGING SOURCE
- Original cataloging agency: OSt
- Transcribing agency: OSt
150 ## - HEADING--TOPICAL TERM
- Topical term or geographic name entry element: Economía de la cultura
- Geographic subdivision: América Latina
670 ## - SOURCE DATA FOUND
- Source citation: Work cat.: (OSt)59639: Berghe Romero, Edgar van den aut 66155, Economía empresarial creativa e innovadora :